000 00559nam a2200229Ia 4500
003 OSt
005 20220924150059.0
006 a|||||r|||| 00| 0
007 ta
008 220923b |||||||| |||| 00| 0 tel d
024 _a331688
037 _cTextual
040 _aARTS
_cARTS
_btel
041 _2tel
_atel
082 _aO35:g, P1
100 _aRao Ravi Ranga
_9221219
245 0 _aKavithalochanam
260 _c2001
650 _aTELUGU LITERATURE
942 _hO35:g, P1
_cTEXL
_2CC
999 _c462133
_d462133